[Event "Foxwoods Open"]
[Site "Connecticut"]
[Date "2000.04.21"]
[Round "1"]
[White "Smith, Bryan"]
[Black "Epishin, Vladimir"]
[Result "0-1"]
[WhiteElo "2301"]
[BlackElo "2692"]
[PlyCount "60"]
[EventDate "2000.??.??"]

1. c4 e5 2. g3 Nf6 3. Bg2 Nc6 4. Nc3 Bb4 5. Nd5 Bc5 6. d3 O-O 7. Nf3 h6 8. O-O
d6 9. Bd2 Nxd5 10. cxd5 Ne7 11. b4 Bb6 12. Qb3 c6 13. dxc6 bxc6 14. Rfc1 Be6
15. Qb2 Rb8 16. a4 a6 17. Qa3 f5 18. Rab1 Qd7 19. Bc3 f4 20. Be1 Bd5 21. Nd2
fxg3 22. hxg3 Qg4 23. e3 Nf5 24. Rc4 Qe2 25. Re4 Bxe3 26. Nf1 Qc2 27. Rb2 Bc1
28. Rxc2 Bxa3 29. Rg4 h5 30. Bxd5+ cxd5 0-1

[Event "Foxwoods Open"]
[Site "Connecticut"]
[Date "2000.04.21"]
[Round "1"]
[White "Shaw, Alan"]
[Black "Ippolito, Dean"]
[Result "1-0"]
[WhiteElo "2200"]
[BlackElo "2454"]
[PlyCount "81"]
[EventDate "2000.??.??"]

1. d4 d5 2. Nf3 Nf6 3. e3 c6 4. c4 a6 5. Bd3 b5 6. cxd5 cxd5 7. O-O Bg4 8. a4
b4 9. a5 Bxf3 10. gxf3 e6 11. Nd2 Be7 12. Nb3 O-O 13. Qe2 Nfd7 14. f4 f5 15. f3
Kh8 16. Bd2 Rg8 17. Kh1 Qf8 18. Rac1 Ra7 19. Rc2 g5 20. fxg5 Bxg5 21. Rg1 Rg6
22. Qe1 Be7 23. Rxg6 hxg6 24. Qg1 Kg7 25. Be1 e5 26. dxe5 Nxe5 27. Nd4 Kf7 28.
Be2 Bc5 29. Qg5 Bxd4 30. exd4 Nec6 31. Bh4 Kg7 32. Bd3 Nxd4 33. Rg2 Qf7 34. Bf2
Ne6 35. Qxf5 Qxf5 36. Bxf5 Re7 37. Rxg6+ Kf7 38. Bh4 Nf4 39. Rg4 Nh3 40. Kg2
Re3 41. Bg6+ 1-0

[Event "Foxwoods Open"]
[Site "Connecticut"]
[Date "2000.04.20"]
[Round "1"]
[White "Kaufman, Larry"]
[Black "Bakker, Andrew"]
[Result "1-0"]
[WhiteElo "2454"]
[BlackElo "2117"]
[PlyCount "37"]
[EventDate "2000.??.??"]

1. Nf3 c5 2. c4 Nc6 3. Nc3 g6 4. e3 Nf6 5. d4 cxd4 6. exd4 d5 7. cxd5 Nxd5 8.
Qb3 Nb6 9. d5 Nb8 10. Bb5+ N8d7 11. Be3 Bg7 12. a4 Qc7 13. O-O O-O 14. a5 Ne5
15. Nxe5 Bxe5 16. axb6 Bxh2+ 17. Kh1 Qe5 18. Qa4 Bg3 19. Be2 1-0

[Event "Foxwoods Open"]
[Site "Connecticut"]
[Date "2000.04.20"]
[Round "1"]
[White "Hoekstra, Matthew"]
[Black "Becerra, Julio"]
[Result "0-1"]
[WhiteElo "2200"]
[BlackElo "2574"]
[PlyCount "46"]
[EventDate "2000.??.??"]

1. e4 c6 2. Nc3 d5 3. Nf3 Bg4 4. h3 Bxf3 5. Qxf3 e6 6. d3 Nd7 7. g3 g6 8. Bg2
Bg7 9. O-O Ne7 10. Qe2 O-O 11. f4 Qb6+ 12. Kh1 Rae8 13. g4 Kh8 14. Qf3 f5 15.
e5 g5 16. Ne2 gxf4 17. d4 c5 18. c3 cxd4 19. cxd4 fxg4 20. Qxg4 Nf5 21. Rxf4
Bh6 22. Rf2 Bxc1 23. Rxc1 Nxe5 0-1

[Event "Foxwoods Open"]
[Site "Connecticut"]
[Date "2000.04.21"]
[Round "1"]
[White "Kingrey, Chaene"]
[Black "Finegold, Ben"]
[Result "0-1"]
[WhiteElo "2007"]
[BlackElo "2571"]
[PlyCount "72"]
[EventDate "2000.??.??"]

1. e4 c5 2. Nf3 Nc6 3. d4 cxd4 4. Nxd4 Nf6 5. Nc3 d6 6. Be3 Ng4 7. Qd2 Nxe3 8.
Qxe3 e6 9. Nb3 Be7 10. Rd1 O-O 11. a3 a6 12. Be2 Na5 13. O-O b5 14. f4 Nc4 15.
Bxc4 bxc4 16. Nd2 Qc7 17. Qd4 d5 18. Kh1 Bc5 19. Qe5 Qxe5 20. fxe5 Bb7 21. exd5
exd5 22. Nf3 Rad8 23. Ne2 f6 24. exf6 Rxf6 25. Ned4 Rdf8 26. Rfe1 Bc8 27. h3
Rb6 28. Re5 Rxb2 29. Rxd5 Bb6 30. Nc6 h6 31. Nh4 Kh7 32. Nd4 c3 33. Ndf5 Rxc2
34. Re1 Rd2 35. Re7 Bxf5 36. Nxf5 Rxd5 0-1

[Event "Foxwoods Open"]
[Site "Connecticut"]
[Date "2000.04.20"]
[Round "1"]
[White "Fernandez, John"]
[Black "Karklins, Andrew"]
[Result "0-1"]
[WhiteElo "1978"]
[BlackElo "2360"]
[PlyCount "112"]
[EventDate "2000.??.??"]

1. e4 c5 2. Nf3 Nc6 3. d4 cxd4 4. Nxd4 Nf6 5. Nc3 d6 6. Bg5 e5 7. Ndb5 a6 8.
Na3 b5 9. Nd5 Be7 10. Bxf6 Bxf6 11. c3 Ne7 12. Nxf6+ gxf6 13. Nc2 Bb7 14. Qd3
d5 15. exd5 Nxd5 16. O-O-O Qb6 17. Qf5 Qe6 18. Qxe6+ fxe6 19. Rg1 Ke7 20. g3
Nb6 21. Bg2 Bxg2 22. Rxg2 Rac8 23. f3 Nd5 24. Kb1 h5 25. Rgd2 a5 26. Re1 Rhd8
27. Rde2 Kf7 28. Re4 Nb6 29. Na3 Rd5 30. f4 Nd7 31. fxe5 Nxe5 32. Rf1 Rcc5 33.
Ref4 f5 34. Rh4 Kg6 35. Nxb5 Rxb5 36. c4 Nxc4 37. Rxc4 Rd2 38. Rc2 Rxc2 39.
Kxc2 e5 40. h4 Rd5 41. Rf3 Kf6 42. Rb3 f4 43. Rb8 Kf5 44. gxf4 exf4 45. Rg8 Ke4
46. Re8+ Kf3 47. Rg8 Ke3 48. Re8+ Kf2 49. Rg8 f3 50. Rg5 Rxg5 51. hxg5 Ke3 52.
g6 f2 53. g7 f1=Q 54. g8=Q Qd3+ 55. Kc1 Qd2+ 56. Kb1 Qd1# 0-1

[Event "Foxwoods Open"]
[Site "Connecticut"]
[Date "2000.04.21"]
[Round "1"]
[White "Koenig, David"]
[Black "Shabalov"]
[Result "0-1"]
[WhiteElo "2250"]
[BlackElo "2633"]
[PlyCount "100"]
[EventDate "2000.??.??"]

1. e4 c5 2. Nc3 Nc6 3. g3 g6 4. Bg2 Bg7 5. d3 d6 6. Be3 e5 7. Qd2 Nd4 8. Nd5
Be6 9. c3 Bxd5 10. exd5 Nf5 11. Nh3 Nge7 12. O-O O-O 13. f4 Nxe3 14. Qxe3 Qb6
15. Rf2 Rae8 16. Qd2 h6 17. Re1 Qa6 18. Rff1 b5 19. Be4 f5 20. Bf3 Kh7 21. Kh1
c4 22. g4 cxd3 23. gxf5 gxf5 24. Bh5 Rd8 25. Qxd3 Qxa2 26. Ra1 Qxd5+ 27. Qxd5
Nxd5 28. Rxa7 Ra8 29. Rb7 Rab8 30. Ra7 Nf6 31. Be2 e4 32. Rd1 d5 33. Rd4 Rfc8
34. Rb4 Kg6 35. Ra5 Ng4 36. Kg2 d4 37. cxd4 Rc2 38. Ng1 Ne3+ 39. Kg3 Rc1 40.
Nh3 Nc2 41. Rbxb5 Rxb5 42. Bxb5 Nxd4 43. Be8+ Kf6 44. Ra3 Bf8 45. Ra6+ Ke7 46.
Bh5 Kd7 47. Ra5 Bc5 48. b4 Rc3+ 49. Kg2 Rc2+ 50. Kg3 Bxb4 0-1

[Event "Foxwoods Open"]
[Site "Connecticut"]
[Date "2000.04.21"]
[Round "2"]
[White "Ashley, Maurice"]
[Black "Shaw, Alan"]
[Result "1-0"]
[WhiteElo "2533"]
[BlackElo "2200"]
[PlyCount "35"]
[EventDate "2000.??.??"]

1. e4 e6 2. d4 d5 3. Nc3 Bb4 4. e5 c5 5. a3 Bxc3+ 6. bxc3 Qc7 7. Qg4 f5 8. Qh5+
Qf7 9. Qd1 cxd4 10. cxd4 Ne7 11. h4 O-O 12. Nh3 h6 13. Be2 Nec6 14. Nf4 g6 15.
g4 Ne7 16. Rg1 fxg4 17. Rxg4 Kh7 18. Bd3 1-0

[Event "Foxwoods Open"]
[Site "Connecticut"]
[Date "2000.04.21"]
[Round "2"]
[White "Furdzik, Rafal"]
[Black "Garcia, Gildardo"]
[Result "1-0"]
[WhiteElo "2587"]
[BlackElo "2200"]
[PlyCount "80"]
[EventDate "2000.??.??"]

1. e4 c5 2. d3 Nc6 3. Nf3 e6 4. g3 Nge7 5. Bg2 g6 6. O-O Bg7 7. c3 d5 8. Qe2 b6
9. Nbd2 Qc7 10. Re1 O-O 11. e5 Bb7 12. Nf1 d4 13. c4 h6 14. h4 Kh8 15. N1h2 Ng8
16. Bf4 Rae8 17. Nd2 Qd7 18. Ne4 Ba8 19. Ng4 Rb8 20. Qd2 Kh7 21. Nef6+ Bxf6 22.
Nxf6+ Nxf6 23. exf6 h5 24. Bxb8 Rxb8 25. Be4 Nb4 26. a3 Bxe4 27. Rxe4 Nc6 28.
b4 cxb4 29. axb4 b5 30. c5 Qd5 31. Ra6 Rd8 32. Qf4 e5 33. Qg5 Re8 34. Rxc6 Qxc6
35. Rxe5 Re6 36. Rxe6 Qxe6 37. Qf4 Qe1+ 38. Kg2 Qxb4 39. Qd6 g5 40. Qd5 Kg8 1-0

[Event "Foxwoods Open"]
[Site "Connecticut"]
[Date "2000.04.21"]
[Round "2"]
[White "Bick, John"]
[Black "Schwartz, Ylon"]
[Result "0-1"]
[WhiteElo "2213"]
[BlackElo "2364"]
[PlyCount "44"]
[EventDate "2000.??.??"]

1. d4 Nf6 2. c4 c5 3. d5 b5 4. Nf3 g6 5. cxb5 a6 6. Nc3 axb5 7. e4 b4 8. e5
bxc3 9. exf6 Qa5 10. fxe7 Bg7 11. b4 cxb4 12. Qb3 Qa4 13. Qc4 Nc6 14. Rb1 c2
15. Rb3 Na5 16. Qc7 Bb7 17. Re3 Rc8 18. Qd6 b3 19. axb3 Qa1 20. Qxd7+ Kxd7 21.
Bb5+ Kc7 22. O-O Bxd5 0-1

[Event "Foxwoods Open"]
[Site "Connecticut"]
[Date "2000.04.21"]
[Round "2"]
[White "Strenzwilk, Denis"]
[Black "Smith, Bryan"]
[Result "0-1"]
[WhiteElo "2200"]
[BlackElo "2301"]
[PlyCount "46"]
[EventDate "2000.??.??"]

1. e4 e6 2. d4 d5 3. Nc3 Bb4 4. e5 c5 5. Qg4 Ne7 6. dxc5 Nbc6 7. Bd2 O-O 8. Bd3
Bxc5 9. Nf3 Ng6 10. O-O Ncxe5 11. Nxe5 Nxe5 12. Bxh7+ Kxh7 13. Qh5+ Kg8 14.
Qxe5 f6 15. Qh5 Bd7 16. Rad1 Qe8 17. Qh4 Qg6 18. Qg3 Qxc2 19. Qc7 Bc6 20. Bc1
d4 21. Nb1 Qxb1 22. Qg3 Qf5 23. b4 Bb6 0-1

[Event "Foxwoods Open"]
[Site "Connecticut"]
[Date "2000.04.21"]
[Round "2"]
[White "Fernandez, John"]
[Black "Fink, Stan"]
[Result "1-0"]
[WhiteElo "1978"]
[BlackElo "2239"]
[PlyCount "65"]
[EventDate "2000.??.??"]

1. e4 c5 2. Nf3 d6 3. d4 cxd4 4. Nxd4 Nf6 5. Nc3 e6 6. Be2 Be7 7. O-O Nc6 8.
Be3 O-O 9. f4 Bd7 10. Bf3 Qb8 11. a4 Nxd4 12. Bxd4 e5 13. fxe5 dxe5 14. Be3 Be6
15. Be2 Rd8 16. Qe1 Rc8 17. Bd3 h6 18. Qg3 Kh8 19. h3 Rc6 20. Qf3 Bc5 21. Bxc5
Rxc5 22. Qe3 Nd7 23. Bb5 Qf8 24. Bxd7 Bxd7 25. Rxf7 Qxf7 26. Qxc5 Qg6 27. Qe3
Be6 28. Rd1 Rf8 29. Nd5 a6 30. c4 Qh5 31. Rd2 Re8 32. c5 Qh4 33. Nc7 1-0

[Event "Foxwoods Open"]
[Site "Connecticut"]
[Date "2000.04.21"]
[Round "2"]
[White "Karklins, Andrew"]
[Black "Serper, Gregory"]
[Result "0-1"]
[WhiteElo "2360"]
[BlackElo "2633"]
[PlyCount "106"]
[EventDate "2000.??.??"]

1. e4 c5 2. Nf3 e6 3. d4 cxd4 4. Nxd4 a6 5. Bd3 Nf6 6. O-O Qc7 7. Re1 d6 8. b4
g6 9. Bb2 Bg7 10. Nd2 O-O 11. a4 Nbd7 12. a5 e5 13. N4b3 d5 14. c4 dxe4 15.
Nxe4 Nxe4 16. Bxe4 Qxc4 17. Bd5 Qc7 18. Rc1 Qd8 19. Nc5 Nxc5 20. Rxc5 Rb8 21.
Bxe5 Bxe5 22. Rxe5 b6 23. axb6 Rxb6 24. Rc4 Rd6 25. g3 Bb7 26. Rc5 Re8 27. Qf3
Rxe5 28. Qxf7+ Kh8 29. Bxb7 Rf6 30. Qc4 Rxc5 31. bxc5 a5 32. c6 Qc7 33. Qd4 Kg7
34. Qc4 Rd6 35. Qc3+ Rf6 36. Qd4 Kf7 37. h4 h5 38. Qc4+ Kf8 39. Qd4 Rf7 40.
Qh8+ Ke7 41. Qd4 Qd6 42. Qe3+ Kf8 43. Qh6+ Kg8 44. Qe3 Kh7 45. Qb3 Rc7 46. Kf1
Re7 47. Qc3 a4 48. Ba6 a3 49. Bc4 Rc7 50. Ba2 Qxc6 51. Qxa3 Qh1+ 52. Ke2 Rc2+
53. Ke3 Qe1+ 0-1

[Event "Foxwoods Open"]
[Site "Connecticut"]
[Date "2000.04.21"]
[Round "2"]
[White "Segovia, Javier"]
[Black "Bennett, Alan"]
[Result "1-0"]
[WhiteElo "2285"]
[BlackElo "2500"]
[PlyCount "84"]
[EventDate "2000.??.??"]

1. e4 e5 2. Nf3 d6 3. d4 Nf6 4. Nc3 exd4 5. Nxd4 Be7 6. Bc4 O-O 7. O-O a6 8. a4
c5 9. Nde2 Be6 10. Ba2 Nc6 11. Nf4 Bxa2 12. Rxa2 Nb4 13. Ra3 Re8 14. Re1 Qd7
15. Ncd5 Nbxd5 16. Nxd5 Nxd5 17. Qxd5 Bf6 18. Rh3 Re5 19. Qd3 c4 20. Qxc4 d5
21. Qb4 Rxe4 22. Rxe4 dxe4 23. Bd2 a5 24. Qxe4 Qxd2 25. Re3 g6 26. g3 Qd7 27.
Rb3 Re8 28. Qxb7 Qxb7 29. Rxb7 Re2 30. c3 Re4 31. Kf1 Rxa4 32. Ke2 Ra2 33. Kd3
a4 34. f4 a3 35. bxa3 Rxa3 36. Rc7 Ra2 37. Rc6 Kg7 38. g4 h6 39. h4 Bxh4 40.
Ke4 Rg2 41. Kf3 Rg3+ 42. Ke4 Rxg4 1-0

[Event "Foxwoods Open"]
[Site "Connecticut"]
[Date "2000.04.21"]
[Round "3"]
[White "Hoekstra, Matthew"]
[Black "Schneider, Dmitry"]
[Result "0-1"]
[WhiteElo "2216"]
[BlackElo "2454"]
[PlyCount "78"]
[EventDate "2000.??.??"]

1. e4 e6 2. d4 d5 3. Nc3 Nf6 4. Bg5 Be7 5. e5 Nfd7 6. Bxe7 Qxe7 7. f4 c5 8. Nb5
O-O 9. c3 Nc6 10. Nf3 f6 11. Bd3 a6 12. Nd6 cxd4 13. cxd4 g5 14. O-O gxf4 15.
Nh4 fxe5 16. Qg4+ Kh8 17. Qh5 Nf6 18. Ng6+ Kg7 19. Qg5 h6 20. Nxe7+ hxg5 21.
Nxc6 bxc6 22. dxe5 Nd7 23. Rfe1 Rd8 24. Bf1 a5 25. Rac1 c5 26. Bb5 Rb8 27. Bxd7
Bxd7 28. Rxc5 Rxb2 29. Rxa5 d4 30. Rd1 Bc6 31. Rxd4 Rxg2+ 32. Kf1 Rb8 33. Ne4
Rxh2 34. Nf2 Rb1+ 35. Nd1 Rh1+ 36. Ke2 f3+ 37. Kf2 Rhxd1 38. Rxd1 Rxd1 39. Rc5
Bd5 0-1

[Event "Foxwoods Open"]
[Site "Connecticut"]
[Date "2000.04.22"]
[Round "3"]
[White "Kalikshteyn, Alex"]
[Black "Benjamin, Joel"]
[Result "0-1"]
[WhiteElo "2395"]
[BlackElo "2672"]
[PlyCount "124"]
[EventDate "2000.??.??"]

1. c4 b6 2. Nf3 Bb7 3. g3 c5 4. Bg2 g6 5. d4 cxd4 6. Qxd4 Nf6 7. Nc3 Bg7 8. O-O
d6 9. Bg5 Nbd7 10. Rac1 Rc8 11. b3 O-O 12. Qd2 a6 13. Nd4 Bxg2 14. Kxg2 Rc5 15.
f3 Qb8 16. a4 e6 17. e4 Rfc8 18. Nde2 R5c6 19. Rfd1 Qb7 20. Rb1 Ne8 21. Be3 Rb8
22. Bd4 Bf8 23. Be3 Rcc8 24. Bh6 Bxh6 25. Qxh6 Qc6 26. h4 Qc5 27. h5 Qxh5 28.
Qxh5 gxh5 29. Rh1 Ndf6 30. Nf4 Ng7 31. Rbd1 Rc6 32. Rd2 Kf8 33. Kf2 Ke7 34. Ke3
Rc5 35. Kf2 Rg8 36. Rh3 Nd7 37. Rd1 Rg5 38. Rdh1 Nc5 39. b4 Nd7 40. Nxh5 Nxh5
41. Rxh5 Rxg3 42. Ne2 Rg2+ 43. Ke3 Nf6 44. Rh6 Rc8 45. Rc1 Rc7 46. Nd4 Nd7 47.
b5 axb5 48. axb5 Ne5 49. f4 Nxc4+ 50. Kf3 Nd2+ 51. Kxg2 Rxc1 52. f5 e5 53. Nc6+
Kf8 54. Rxd6 Nxe4 55. Rd8+ Kg7 56. Rb8 Kf6 57. Nd8 Rc2+ 58. Kg1 Ng5 59. Rxb6+
Kxf5 60. Rb7 Kf4 61. Nxf7 Nf3+ 62. Kf1 Ke3 0-1

[Event "Foxwoods Open"]
[Site "Connecticut"]
[Date "2000.04.22"]
[Round "3"]
[White "Tidoy, Pedro"]
[Black "Levina, Anna"]
[Result "0-1"]
[WhiteElo "2249"]
[BlackElo "2044"]
[PlyCount "80"]
[EventDate "2000.??.??"]

1. d4 Nf6 2. Bg5 Ne4 3. Bf4 c5 4. f3 Nf6 5. d5 d6 6. c4 g6 7. Nc3 Bg7 8. Qd2
O-O 9. Bh6 e6 10. O-O-O exd5 11. cxd5 a6 12. e4 b5 13. h4 c4 14. h5 Nbd7 15.
Bxg7 Kxg7 16. hxg6 fxg6 17. Qh6+ Kg8 18. Nh3 Ne5 19. Ng5 Nf7 20. Nxf7 Rxf7 21.
a3 Rb8 22. g4 b4 23. axb4 Rxb4 24. Kc2 Qb6 25. Rb1 Rb7 26. Qc1 Bd7 27. Be2 Qa7
28. Qf4 Ne8 29. g5 Qb8 30. Qc1 Ba4+ 31. Nxa4 Rxa4 32. Rd1 Rab4 33. Rd4 Rc7 34.
Kd1 Qb6 35. Qd2 c3 36. Rxb4 Qg1+ 37. Kc2 cxd2+ 38. Rc4 Rxc4+ 39. Bxc4 Qxb1+ 40.
Kxb1 d1=Q+ 0-1

[Event "Foxwoods Open"]
[Site "Connecticut"]
[Date "2000.04.21"]
[Round "3"]
[White "Tylevich, David"]
[Black "Kaufman, Larry"]
[Result "1/2-1/2"]
[WhiteElo "2310"]
[BlackElo "2463"]
[PlyCount "50"]
[EventDate "2000.??.??"]

1. e4 e6 2. d4 d5 3. exd5 exd5 4. Bd3 Bd6 5. Ne2 Qh4 6. g3 Qh5 7. Nf4 Qxd1+ 8.
Kxd1 Bg4+ 9. Be2 Bxe2+ 10. Nxe2 Nf6 11. f3 Nbd7 12. Bf4 Bxf4 13. Nxf4 O-O-O 14.
Ng2 Rhe8 15. Re1 Rxe1+ 16. Kxe1 Nf8 17. Nd2 Ne6 18. c3 b6 19. Ne3 c5 20. Nc2
Kb7 21. Nb3 c4 22. Nd2 g5 23. Ne3 h5 24. Kf2 g4 25. Nf5 Kc7 1/2-1/2

[Event "Foxwoods Open"]
[Site "Connecticut"]
[Date "2000.04.21"]
[Round "3"]
[White "Smith, Bryan"]
[Black "Fernandez, John"]
[Result "1-0"]
[WhiteElo "2301"]
[BlackElo "1978"]
[PlyCount "87"]
[EventDate "2000.??.??"]

1. d4 f5 2. Bg5 g6 3. Nc3 Bg7 4. e4 fxe4 5. Nxe4 d5 6. Nc3 Nf6 7. Qd2 O-O 8.
O-O-O c6 9. Bd3 Nbd7 10. Nf3 b5 11. Bh6 a5 12. h4 Bxh6 13. Qxh6 Ng4 14. Qd2 e5
15. dxe5 Ndxe5 16. Nxe5 Nxe5 17. h5 Nxd3+ 18. cxd3 g5 19. h6 Qf6 20. f3 Qg6 21.
Rde1 Ra7 22. Re5 Rf5 23. Rhe1 Raf7 24. Re8+ Rf8 25. Rxf8+ Rxf8 26. Re5 Rf5 27.
Qe3 Qxh6 28. Re7 Rf7 29. Ne2 Qh1+ 30. Kd2 Qxg2 31. Re8+ Rf8 32. Rxc8 Rxc8 33.
Qe6+ Kg7 34. Qd7+ Kg6 35. Qxc8 Qxf3 36. Qxc6+ Kh5 37. Qxb5 Kh4 38. Qb8 h5 39.
Qh2+ Kg4 40. Qg1+ Kh4 41. b3 g4 42. Qh2+ Qh3 43. Qf2+ g3 44. Qf6+ 1-0

[Event "Foxwoods Open"]
[Site "Connecticut"]
[Date "2000.04.23"]
[Round "3"]
[White "Friedel, Josh"]
[Black "Karklins, Andrew"]
[Result "0-1"]
[WhiteElo "2250"]
[BlackElo "2350"]
[PlyCount "76"]
[EventDate "2000.??.??"]

1. e4 c5 2. Nf3 Nc6 3. d4 cxd4 4. Nxd4 Nf6 5. Nc3 d6 6. Bc4 Bd7 7. Bg5 e6 8.
O-O a6 9. Nxc6 Bxc6 10. Qe2 Be7 11. Rad1 Qc7 12. a3 O-O 13. Kh1 Nxe4 14. Nxe4
d5 15. Bxe7 Qxe7 16. Bd3 dxe4 17. Bxe4 Bxe4 18. Qxe4 Rfd8 19. c4 a5 20. Rd4
Rxd4 21. Qxd4 Rd8 22. Qb6 a4 23. b4 g6 24. Qa5 Qd7 25. b5 Qd3 26. Kg1 Rc8 27.
Qxa4 Rxc4 28. Qa8+ Kg7 29. Qxb7 Qxa3 30. g3 Qb2 31. Rd1 Rc2 32. Qb6 Rc4 33. Kg2
Qe2 34. Rd4 Rc1 35. Qa5 Qf1+ 36. Kf3 e5 37. b6 Re1 38. Rb4 h5 0-1

[Event "Foxwoods Open"]
[Site "Connecticut"]
[Date "2000.04.22"]
[Round "4"]
[White "Shabalov, Alexander"]
[Black "Furdzik, Rafal"]
[Result "1-0"]
[WhiteElo "2633"]
[BlackElo "2200"]
[PlyCount "45"]
[EventDate "2000.??.??"]

1. e4 c6 2. d4 d5 3. e5 Bf5 4. Nc3 Qb6 5. Bd3 Bxd3 6. Qxd3 e6 7. Nge2 Qa6 8.
Qh3 b5 9. Nf4 c5 10. dxc5 Bxc5 11. a4 Bb4 12. O-O Bxc3 13. bxc3 Ne7 14. Ba3
Nbc6 15. axb5 Qxb5 16. Rfb1 Qc4 17. Nxe6 fxe6 18. Qxe6 Qxc3 19. Bxe7 Nd4 20.
Qxd5 Rc8 21. Bb4 Qc4 22. Qxc4 Rxc4 23. Rxa7 1-0

[Event "Foxwoods Open"]
[Site "Connecticut"]
[Date "2000.04.22"]
[Round "4"]
[White "Zapata, Alonso"]
[Black "Sarkar, Justin"]
[Result "1/2-1/2"]
[WhiteElo "2607"]
[BlackElo "2404"]
[PlyCount "106"]
[EventDate "2000.??.??"]

1. e4 e6 2. d4 d5 3. Nd2 c5 4. exd5 Qxd5 5. Ngf3 cxd4 6. Bc4 Qd6 7. O-O Nf6 8.
Nb3 Nc6 9. Qe2 a6 10. Rd1 Qc7 11. Nbxd4 Nxd4 12. Rxd4 Bd6 13. Bg5 b5 14. Bb3
Bc5 15. Rd3 Bb7 16. Rad1 O-O 17. Bxf6 gxf6 18. Rd7 Qc6 19. Qd2 Bb6 20. Qh6 Rfd8
21. R7d3 Rxd3 22. Rxd3 Rd8 23. Qxf6 Rxd3 24. Qg5+ Kf8 25. cxd3 Qc5 26. Qxc5+
Bxc5 27. d4 Ba7 28. d5 exd5 29. Kf1 d4 30. Ne1 a5 31. f3 a4 32. Bc2 Bd5 33. b3
axb3 34. axb3 Bb8 35. h3 h5 36. Ke2 h4 37. Bd3 Bxb3 38. Bxb5 Kg7 39. Nd3 Bd6
40. Nf2 Bc2 41. Bd3 Ba4 42. Ne4 Be7 43. Nd2 Bg5 44. Ne4 Be7 45. Bc4 f5 46. Nf2
Bg5 47. Nd3 Be3 48. Nb4 Kf6 49. Nd5+ Kg5 50. Nxe3 dxe3 51. Kxe3 f4+ 52. Ke4
Bc2+ 53. Ke5 Bd1 1/2-1/2

[Event "Foxwoods Open"]
[Site "Connecticut"]
[Date "2000.04.22"]
[Round "4"]
[White "Karklins, Andrew"]
[Black "Ivanov, Alexander"]
[Result "0-1"]
[WhiteElo "2370"]
[BlackElo "2624"]
[PlyCount "144"]
[EventDate "2000.??.??"]

1. e4 g6 2. d4 Bg7 3. Nc3 c6 4. Nf3 d6 5. h3 b5 6. Bd3 Nd7 7. O-O Qc7 8. b4 a5
9. bxa5 Ngf6 10. Bd2 O-O 11. Rb1 Rxa5 12. d5 b4 13. Rxb4 cxd5 14. exd5 Nxd5 15.
Nxd5 Rxd5 16. Qe2 Nc5 17. Bc4 Rh5 18. a4 d5 19. Bb5 e5 20. Rd1 Ne6 21. Bc1 e4
22. Nh2 Bb7 23. Nf1 Bc3 24. Rb3 Nd4 25. Rxd4 Bxd4 26. Ng3 Rh4 27. Bg5 Rf4 28.
Bxf4 Qxf4 29. Nf1 Qc7 30. c4 Ba7 31. cxd5 Bxd5 32. Rb1 Rc8 33. Rd1 Qe5 34. Qd2
Be6 35. Ne3 Bb8 36. Nf1 h5 37. Qd4 Qf4 38. Ba6 Rf8 39. Bb7 Bf5 40. a5 Qc7 41.
a6 Re8 42. Ne3 Be6 43. Kf1 Bb3 44. Qd7 Bc4+ 45. Nxc4 Qxc4+ 46. Kg1 Rf8 47. Qd4
Qc7 48. Qxe4 Ba7 49. h4 Qg3 50. Rd2 Kg7 51. Rd4 Qc7 52. Rc4 Qd6 53. Qd5 Qxd5
54. Bxd5 Rd8 55. Bf3 Rd6 56. Rc6 Rd7 57. Rc2 Rd6 58. Bb7 Rd3 59. Kf1 Ra3 60. g3
60... Kf6 {
The move order here might not be correct, but the piece hang at the end is....}
61. Rc7 Kg7 62. Bc8 Bd4 63. Be6 Rxa6 64. Rxf7+ Kh6 65. Bd5 Rb6 66. Rc7 Ra6 67.
Bg8 Bg7 68. f3 Rb6 69. Bd5 Rd6 70. Be4 Re6 71. Kg2 Be5 72. g4 $4 72... Bxc7 0-1

[Event "Foxwoods Open"]
[Site "Connecticut"]
[Date "2000.04.22"]
[Round "4"]
[White "Kaufman, Larry"]
[Black "Shahade, Jennifer"]
[Result "1-0"]
[WhiteElo "2463"]
[BlackElo "2227"]
[PlyCount "65"]
[EventDate "2000.??.??"]

1. Nf3 c5 2. c4 Nc6 3. Nc3 g6 4. e3 Nf6 5. d4 cxd4 6. exd4 d5 7. Bg5 dxc4 8.
Bxc4 Bg7 9. d5 Nb8 10. O-O O-O 11. Re1 Nbd7 12. h3 Nb6 13. Bb3 Bf5 14. Nd4 Bc8
15. Qf3 h6 16. Be3 Bd7 17. Rad1 Nc8 18. Ne6 fxe6 19. dxe6 Nd6 20. exd7+ Kh7 21.
Qe2 Nxd7 22. Nb5 Nf6 23. Nd4 Qa5 24. Ne6 Rfe8 25. Bd2 Qb6 26. Nxg7 Kxg7 27. Ba4
Rf8 28. Qxe7+ Rf7 29. Qxd6 Qxd6 30. Bxh6+ Kxh6 31. Rxd6 Kg7 32. Bb3 Rc7 33.
Ree6 1-0

[Event "Foxwoods Open"]
[Site "Connecticut"]
[Date "2000.04.22"]
[Round "4"]
[White "Schneider, Dmitry"]
[Black "Epishin, Vladimir"]
[Result "0-1"]
[WhiteElo "2445"]
[BlackElo "2667"]
[PlyCount "46"]
[EventDate "2000.??.??"]

1. e4 c5 2. Nf3 d6 3. d4 cxd4 4. Nxd4 Nf6 5. Nc3 Nc6 6. Bc4 e5 7. Nf5 Be6 8.
Bb3 g6 9. Nh6 Nd4 10. Bg5 Be7 11. f4 Nxb3 12. axb3 Nh5 13. Nf5 Bxg5 14. fxg5
O-O 15. Nh6+ Kg7 16. Qd2 f6 17. gxf6+ Qxf6 18. O-O-O Nf4 19. g3 Nh3 20. Nb5
Rad8 21. Nc7 Bc8 22. g4 Qf4 23. Qxf4 exf4 0-1

[Event "Foxwoods Open"]
[Site "Connecticut"]
[Date "2000.04.22"]
[Round "4"]
[White "Tidoy, Pedro"]
[Black "Fernandez, John"]
[Result "1-0"]
[WhiteElo "2250"]
[BlackElo "1978"]
[PlyCount "87"]
[EventDate "2000.??.??"]

1. e4 c5 2. Nf3 d6 3. Bb5+ Bd7 4. Bxd7+ Qxd7 5. O-O Nc6 6. c3 g6 7. d4 cxd4 8.
cxd4 Bg7 9. Nc3 Nf6 10. h3 O-O 11. Bg5 Rac8 12. Rc1 Rfd8 13. Re1 Qe8 14. Qe2
Nd7 15. Nd5 f6 16. Be3 e5 17. dxe5 dxe5 18. b4 a6 19. a4 Ne7 20. Nc7 Qf7 21. b5
axb5 22. axb5 Nf8 23. Bb6 Nd7 24. Ba5 b6 25. Bb4 Bf8 26. Na6 Rxc1 27. Rxc1 Rc8
28. Rd1 Nb8 29. Qe3 Qc4 30. Qa3 Nec6 31. Bxf8 Rxf8 32. bxc6 Nxa6 33. Rc1 Qb5
34. Qe7 Nc5 35. Ra1 Na6 36. c7 Qc6 37. Rxa6 Qc1+ 38. Kh2 Qf4+ 39. g3 Qxf3 40.
Qxf8+ Kxf8 41. c8=Q+ Kg7 42. Ra7+ Kh6 43. Qc1+ g5 44. Qe3 1-0

[Event "Foxwoods Open"]
[Site "Connecticut"]
[Date "2000.04.22"]
[Round "5"]
[White "Mc Carthy, Brian"]
[Black "Schneider, Dmitry"]
[Result "1/2-1/2"]
[WhiteElo "2330"]
[BlackElo "2465"]
[PlyCount "43"]
[EventDate "2000.??.??"]

1. d4 d5 2. Nf3 c5 3. c4 e6 4. cxd5 exd5 5. g3 Nc6 6. Bg2 Nf6 7. O-O Be7 8. Nc3
O-O 9. Bg5 cxd4 10. Nxd4 h6 11. Be3 Bg4 12. h3 Be6 13. Rc1 Qd7 14. Kh2 Rfe8 15.
a3 Bf8 16. Ncb5 h5 17. Bg5 Nh7 18. Qd2 Rac8 19. Nxe6 fxe6 20. Be3 a6 21. Nd4
Nf6 22. Nxc6 1/2-1/2

[Event "Foxwoods Open"]
[Site "Connecticut"]
[Date "2000.04.22"]
[Round "5"]
[White "Schwartz, Ylon"]
[Black "Blatny, Pavel"]
[Result "0-1"]
[WhiteElo "2311"]
[BlackElo "2512"]
[Annotator "Blatny,P"]
[PlyCount "64"]
[EventDate "2000.??.??"]

1. e4 b6 2. d4 Bb7 3. Bd3 Nf6 4. Nd2 e6 5. Ngf3 d5 6. e5 Nfd7 7. O-O c5 8. c3
cxd4 9. cxd4 Ba6 10. Bxa6 Nxa6 11. a3 Be7 12. Re1 Nab8 13. Nf1 Nc6 14. Bd2 b5
15. Rc1 Qb6 16. Kh1 a5 17. Ng3 h6 18. Re2 a4 19. Be1 Rc8 20. Rec2 O-O 21. Ne2
Qb7 22. Nc3 Na7 23. Qd3 Nb6 24. Na2 (24. Nxb5 Qa6 25. Nxa7 Qxd3 26. Nxc8 Nxc8
27. Rxc8 Qf1+ 28. Ng1 Rxc8 29. Rxc8+ Kh7 30. Rc1 Bg5 31. Rd1 Bd2 32. Rxd2 Qxe1
33. Re2 33... Qd1 $19) 24... Nc4 25. Bc3 Nc6 26. Nd2 Bg5 27. Rf1 Bxd2 28. Bxd2
N6xe5 29. dxe5 Nxe5 30. Qg3 Rxc2 31. Bc3 Rxc3 32. Nxc3 Nc4 0-1

[Event "Foxwoods Open"]
[Site "Connecticut"]
[Date "2000.04.22"]
[Round "5"]
[White "Annakov, Babakuli"]
[Black "Shabalov, Alexander"]
[Result "1/2-1/2"]
[WhiteElo "2700"]
[BlackElo "2624"]
[PlyCount "40"]
[EventDate "2000.??.??"]

1. d4 e6 2. c4 b6 3. a3 f5 4. Nf3 Nf6 5. g3 Ba6 6. Qc2 c6 7. Bg2 d5 8. Nbd2 Bd6
9. O-O O-O 10. b4 Nbd7 11. Bb2 Ne4 12. Rac1 Rc8 13. Qb3 Qe7 14. cxd5 exd5 15.
Rxc6 Bc4 16. Nxc4 Rxc6 17. Ne3 Rc7 18. Qxd5+ Qf7 19. Qb5 Kh8 20. Qd3 Re8
1/2-1/2